| 000 -ლიდერი |
| ფიქსირებული სიგრძის საკონტროლო ველი |
01046nam a2200253Ia 4500 |
| 001 - საკონტროლო ნომერი |
| საკონტროლო ველი |
23149 |
| 003 - საკონტროლო ნომრის იდენტიფიკატორი |
| საკონტროლო ველი |
GE_BSU |
| 005 - ბოლო ოპერაციის თარიღი და დრო |
| საკონტროლო ველი |
20230716134130.0 |
| 008 - ფიქსირებული სიგრძის მონაცემთა ელემენტები - ზოგადი ინფორმაცია |
| ფიქსირებული სიგრძის საკონტროლო ველი |
181216s2006||||ge |||||||||||||| ||geo|| |
| 020 ## - წიგნის საერთაშორისო სტანდარტული ნომერი |
| International Standard Book Number |
99940-0-340-2 |
| 040 ## - კატალოგიზაციის წყარო |
| Transcribing agency |
GE_BSU |
| 041 ## - ენის კოდი |
| Language code of text/sound track or separate title |
geo |
| 080 ## - უნივერსალური ათობითი კლასიფიკაციის ინდექსი |
| Universal Decimal Classification number |
821.134.2(861)-31 |
| 100 ## - მთავარი ჩანაწერი - პიროვნების სახელი |
| Personal name |
გარსია მარკესი, გაბრიელ |
| 9 (RLIN) |
19350 |
| 245 ## - ცნობა სათაურის შესახებ |
| Title |
მარტოობის ასი წელიწადი : |
| Remainder of title |
რომანი / |
| Statement of responsibility, etc |
გაბრიელ გარსია მარკესი ; ესპ. თარგმნა ელზა ახვლედიანმა. |
| 250 ## - გამოცემის ცნობა |
| Edition statement |
მე-3 გამოცემა |
| 264 ## - წარმოების, გამოცემის, დისტრიბუციის და სხვა ცნობები |
| გამოცემის, წარმოების, დისტრიბუციის... ადგილი |
თბილისი : |
| გამოცემის, წარმოების, დისტრიბუციის... სახელწოდება |
სიესტა, |
| გამოცემის, წარმოების, დისტრიბუციის... თარიღი |
2006. |
| 300 ## - ფიზიკური აღწერა |
| Extent |
471 გვ. ; |
| Dimensions |
20 სმ |
| 653 ## - INDEX TERM--UNCONTROLLED |
| Uncontrolled term |
მარტოობის ასი წელიწადი |
| 653 ## - INDEX TERM--UNCONTROLLED |
| Uncontrolled term |
რომანი |
| 700 ## - ADDED ENTRY--PERSONAL NAME |
| Personal name |
ახვლედიანი, ელზა |
| Relator term |
მთარგმნელი |
| 9 (RLIN) |
19351 |
| 942 ## - ADDED ENTRY ELEMENTS (KOHA) |
| Koha item type |
წიგნი |
| Source of classification or shelving scheme |
|